| 000 | 00533nam a2200205Ia 4500 | ||
|---|---|---|---|
| 003 | 0100 | ||
| 008 | 130303s9999 xx 000 0 und d | ||
| 040 | _cARRUPELIB | ||
| 050 | _aHX39.5.A853 | ||
| 100 | _aAvineri, Shlomo | ||
| 245 | 4 | _aThe social and political thought of Karl Marx | |
| 260 | _aCambridge | ||
| 260 | _bAt the University Press | ||
| 260 | _C1968 | ||
| 300 | _aviii | ||
| 300 | _b 269p. 23cm. | ||
| 440 | _aCambridge studies in the history and theory of politics | ||
| 650 | _bAutobiography | ||
| 942 | 0 | 0 | _05 |
| 999 |
_c13343 _d13343 |
||